| 000 | 01367nam a22003490a 4500 | ||
|---|---|---|---|
| 001 | PT2487 | ||
| 003 | AR-LpoUNG | ||
| 005 | 20210131230429.0 | ||
| 008 | 191001s1995||||sp |||||||||||||||||spa d | ||
| 020 |
_a8474236827 _c$5.16 |
||
| 040 |
_aAR-LpoUNG _bspa _cAR-LpoUNG _eaacr |
||
| 041 | _aspa | ||
| 044 | _asp | ||
| 082 | 0 | _a909.04 813 | |
| 100 | 1 | _aRösener, Werner | |
| 245 | 1 | 4 | _aLos campesinos en la historia europea |
| 250 | _aed. | ||
| 260 |
_aBarcelona : _bCrítica, _c1995. |
||
| 300 |
_a270 p. : _bil., mapas. |
||
| 520 | _a<p>Los problemas actuales del campesinado europeo, hacen que la comunidad europea se regrese a su pasado a examinar los origenes y la evolucion de este grupo en el pasado Europeo. Tras analizar las formas y evolucion del as diferentes culturas y economias campesinas europeas, el autor finaliza con una analisis de la situacion europea y los problemas del campesinado en la europa de nuestro dias, tras la desaparicion del socialismo sovietico y los primeros pasos de una politica común europea.</p> | ||
| 650 | 4 | _aANALISIS HISTORICO | |
| 650 | 4 | _aCAMPESINADO | |
| 650 | 4 | _aCLASE OBRERA | |
| 650 | 4 | _aHISTORIA | |
| 650 | 4 | _aHISTORIA CONTEMPORANEA | |
| 650 | 4 | _aHISTORIA MODERNA | |
| 650 | 4 | _aINVESTIGACION HISTORICA | |
| 650 | 4 | _aSOCIOLOGIA HISTORICA | |
| 651 | 4 | _aEuropa | |
| 905 | _a2487 | ||
| 942 | _cLSALA | ||
| 999 |
_c3314 _d3314 |
||